Регионална библиотека "Любен Каравелов" - Русе

Математика (Запис номер 478328)

MARC детайли
000 -Лидер
Контролно поле с фиксирана дължина nam a22 a 4500
003 - Код на организацията, давaща контролен номер
Контролно поле BLK
005 - Дата и час на последна редакция
Контролно поле 20230318030302.0
008 - Елементи от данни с фиксирана дължина
fixed length control field 220824b bu |||||r|||| 00| | bu d
040 ## - Източник на каталожния запис
Идентификатор на билиотеката - собственик на записа BLK
041 ## - Код за език
Код за езика на текст/звукозапис или на отделно заглавие Български
Код за езика КДБФ Български
080 ## - УДК
Текстов определител УДК Математика - учебници за основни училища
УДК код - определител по УДК 373.3.016:51
УДК - код + определител 373.3.016:51
139 ## - Редно поле
Редна дума Математика
245 ## - Сведения за заглавието
Заглавие Математика
Подзаглавни данни Учебник за I кл. на единното средно политехн. у-ще
Редно поле (дума) Иван Ганчев и др.
260 ## - Област на издателските данни
9 (RLIN) 216179
Място на издаване, разпространение и проч. София
Име на издателя, разпространителя и проч. Нар. просв.
Година на издаване 1973
300 ## - Физическа характеристика
Страници 96 с.
Илюстрации и др. с ил.
Размери/Мащаб 23 см
380 ## - Жанр
Жанр Обществени науки
500 ## - Общи забележки
Забележка Други авт.: Ради М. Радев, Елена И. Тодорова, Йорданка Хр. Каролева, Румяна Е. Лазарова, Славка Л. Стоянова. <br/>Пълното име на първия авт. е Иван Ганчев Донев.<br/>
650 #0 - Допълнително описание по предмет – тема
Основно описание – тема или топоним Математика - методика на преподаването - за основни училища
9 (RLIN) 243467
653 #7 - Ключова дума – ненормативна
9 (RLIN) 190624
Ключова дума математика
653 #7 - Ключова дума – ненормативна
9 (RLIN) 199109
Ключова дума учебници за основни училища
700 ## - Други автори (авторска отговорност)
9 (RLIN) 472039
Лично име Ганчев, Иван
Автороска отговорност (Описва отношението между автора и произведението) първи автор
852 ## - Местоположение
Форматна сигнатура Цб 87449
Фондова буква Хранилище
856 ## - Електронен адрес и достъп
Инструкция (цена за достъп) 0.00
Права за достъп disable
999 ## - СИСТЕМНИ КОНТРОЛНИ НОМЕРА
Koha biblionumber 478328
Koha biblioitemnumber 478328
942 ## - АРТИКУЛИ
Вид на библиотечния материал Книги
Скрит в OPAC Не
Периодичен библиозапис Да
944 ## - СЪЗДАВАНЕ И РЕДАКЦИЯ на ЗАПИСА
Създаване/Редакция Създаване
Дата на регистрацията/редакция 2022-11-01
Служител, извършил регистрацията/редакцията нр
999 ## - СИСТЕМНИ КОНТРОЛНИ НОМЕРА
Koha biblioitemnumber 478138
999 ## - СИСТЕМНИ КОНТРОЛНИ НОМЕРА
Koha biblioitemnumber 478138
Наличности
Код за отписване Код за изгубен артикул Източник на класификационната схема Код за повреда Коз за рестрикции Код за отдаване Артикулен № Име на библиотеката - собственик Име на библиотеката, в която се намира в момента Статус (Текущо местоположение) Дата на вписване в системата Местоположение - отдел Цена в лева Инвентарен номер Систематично азбучна сигнатура Баркод Цена в евро Служебен тип на артикула
  Не е изгубен Universal Decimal Classification Не е повреден само за читалня ползва се в читалня 910457 Регионална библиотека "Любен Каравелов" Русе Регионална библиотека "Любен Каравелов" Русе Хранилище 2022-11-03 Хранилище 0.50 149554 Цб 87449 120000149554 0.26 Книги
Vip Innovations Ltd, Rousse, Bulgaria 2025